[Event "Nordic-ch U16 Girls"]
[Site "Alta"]
[Date "2016.05.01"]
[Round "5"]
[White "Merkesvik, Amalie Isabel"]
[Black "Johansson, Elizabeth"]
[Result "1/2-1/2"]
[WhiteElo "1646"]
[BlackElo "1440"]
[PlyCount "156"]
[EventDate "2016.04.29"]
[EventType "swiss"]
[EventRounds "5"]
[EventCountry "NOR"]
[SourceTitle "EXT 2024"]
[Source "ChessBase"]
[SourceDate "2023.10.10"]
[SourceVersion "1"]
[SourceVersionDate "2023.10.10"]
[SourceQuality "1"]

1. e4 e5 2. Nf3 Nc6 3. Bc4 Bc5 4. d3 Nf6 5. 0-0 h6 6. c3 d6 7. a4 a5 8. h3 Ne7 9. Re1 Ng6 10. d4 exd4 11. cxd4 Bb4 12. Bd2 Bxd2 13. Qxd2 0-0 14. Nc3 Re8 15. Rad1 Nh5 16. e5 dxe5 17. Nxe5 Nxe5 18. Rxe5 Rxe5 19. dxe5 Qxd2 20. Rxd2 Kf8 21. Nd5 c6 22. Nb6 Rb8 23. Rd8+ Ke7 24. Rxc8 Rxc8 25. Nxc8+ Kd7 26. Nd6 f6 27. Nf7 fxe5 28. Nxe5+ Kd6 29. Nd3 Nf6 30. Kf1 Ne4 31. Ke2 g5 32. Ke3 Nf6 33. f4 b6 34. b4 axb4 35. Nxb4 Kc5 36. fxg5 hxg5 37. Nxc6 Kxc4 38. Ne7 Kc5 39. g3 Kc4 40. Nc8 Kc5 41. h4 gxh4 42. gxh4 Kc6 43. Kf4 Nh5+ 44. Kg5 Ng7 45. Kg6 Ne6 46. Kf5 Ng7+ 47. Ke5 Kb7 48. Nd6+ Ka6 49. Nc4 b5 50. axb5+ Kxb5 51. Nd6+ Kc6 52. Nf5 Nh5 53. Ke6 Kc7 54. Kf7 Kd7 55. Kg6 Nf4+ 56. Kg5 Ne6+ 57. Kf6 Nf4 58. Ng7 Kd6 59. Kf5 Ne2 60. Kg4 Nd4 61. h5 Ke7 62. h6 Kf6 63. Kh5 Kf7 64. Ne8 Ne6 65. h7 Nf4+ 66. Kg5 Ng6 67. Kh6 Nh8 68. Nd6+ Kf8 69. Nc4 Ke7 70. Ne5 Kf6 71. Ng4+ Kf7 72. Ne3 Kf6 73. Nd5+ Kf7 74. Nf4 Kf6 75. Nh5+ Kf7 76. Kg5 Ke6 77. Kf4 Ng6+ 78. Ke4 Nh8 1/2-1/2